Títulos del Emperador Austríaco - Estadísticas

Estadísticas generales
  • Esta prueba ha sido intentada 32 veces
  • La puntuación promedio es 14 de 49
Estadísticas de respuestas
Título Nombre % Correcto
Emperador de Austria
100%
Archiduque de Austria
100%
Rey apostólico de Hungría
96%
Rey de Bohemia
79%
Croacia
75%
Margrave de Moravia
68%
Tirol
64%
Gran voivoda del Voivodato de Serbia
61%
Gran príncipe de Transilvania
57%
Dalmacia
50%
Estiria
50%
Carintia
46%
Salzburgo
46%
Alta y Baja Silesia
43%
Eslavonia
43%
Galitzia
43%
Carniola
36%
Príncipe de Trento
36%
Istria
29%
Soberano de la Orden del Toisón de Oro
29%
Señor de Trieste
29%
Cracovia
25%
Jerusalén
25%
Lodomeria
25%
Gorizia
21%
Friul
18%
Iliria
18%
Gran duque de Toscana
18%
Gradisca
14%
Alta y Baja Lusacia
11%
Bucovina
11%
Conde Principesco de Habsburgo
11%
Módena
11%
Parma
11%
Brixen
7%
Teschen
7%
Bregenz
4%
Cattaro
4%
Guastalla
4%
Piacenza
4%
Zara
4%
Auschwitz
0%
Feldkirch
0%
Conde de Hohenems
0%
Kyburg
0%
Duque de Lorena
0%
Ragusa
0%
Sonneberg
0%
Zator
0%
No se encontraron pruebas coincidentes
Distribución de puntuación
Porcentaje de gente con cada puntuación
Porcentaje por número respondido
Historial de tus puntuaciones
No has intentado esta prueba.